MARC

LEADER 00000nam0a2200000 4500
001 245535
005 20231101232131.0
035 |a (RuTPU)RU\TPU\book\266946 
090 |a 245535 
100 |a 20131113d1967 k y0rusy50 ca 
101 0 |a rus 
102 |a RU 
105 |a a z 001zy 
200 1 |a Нефти Сахалина  |f Н. Е. Подклетнов  |g Академия наук СССР (АН СССР), Сибирское отделение (СО), Сахалинский комплексный научно-исследовательский институт (СахКНИИ) 
210 |a Москва  |c Наука  |d 1967 
215 |a 216 с.  |c ил. 
320 |a Библиогр.: с. 213-215. 
606 1 |a Нефтяные месторождения  |x Геология  |2 stltpush  |3 (RuTPU)RU\TPU\subj\45952  |9 65141 
610 1 |a Сахалин 
610 1 |a нефть 
610 1 |a характеристика 
610 1 |a нефтяные газы 
610 1 |a бензино-лигроиновые фракции 
610 1 |a керосиновые фракции 
610 1 |a реформинг 
675 |a 553.982  |v 3 
700 1 |a Подклетнов  |b Н. Е.  |g Николай Евгеньевич 
712 0 2 |a Академия наук СССР (АН СССР)  |b Сибирское отделение (СО)  |b Сахалинский комплексный научно-исследовательский институт (СахКНИИ)  |c (Южно-Сахалинск)  |c (1955-1984)  |2 stltpush  |3 (RuTPU)RU\TPU\col\15708 
801 1 |a RU  |b 63413507  |c 20131113 
801 2 |a RU  |b 63413507  |c 20150326  |g RCR 
942 |c BK